Derecho Procesal Garantista y Constitucional Proceso, garanta̕ y libertad /

Bibliographic Details
Main Author: Calvinho, Gustavo
Format: eBook
Language:Spanish
Subjects:
Online Access:Acceso restringido

MARC

LEADER 00000nam a22000007a 4500
005 20200602153134.0
007 cr|||| ||||
008 200602s2020 co |||||s|||| 00||0 spa d
020 |a 978-958-58070-6-8 
035 |a 31679 
040 |a vLex 
090 |c 10493  |d 10493 
100 1 |a Calvinho, Gustavo 
245 1 0 |a Derecho Procesal Garantista y Constitucional  |h [Recurso electrn̤ico] :  |b Proceso, garanta̕ y libertad /  |c Gustavo Calvinho 
256 |a Servicio en ln̕ea 
300 |a 1 recurso electrn̤ico 
506 1 |a Disponible solo en los productos indicados  |d vLex Global  |d vLex Global (Academic Edition, excluding Law Schools)  |d vLex Global (U.S. Academic Edition, Law Schools)  |d vLex Global (U.S. Academic Edition, excluding Law Schools)  |d vLex Global (Academic Edition, Law Schools) 
650 0 4 |a Derecho Procesal  |z Colombia 
740 0 |a vLex Libros (Servicio en ln̕ea) 
856 4 0 |u http://vlex.com/source/derecho-procesal-garantista-y-constitucional-proceso-garantia-y-libertad-31679  |z Acceso restringido 
942 |c BOOK 
999 0 |a Procedural law